Hľadá Slovensko superstar?

Model superstar firiem - firiem, ktoré dosahujú veľmi vysokú mieru produktivity. Na jednej strane práve ich vysoká miera produktivity vedie k tomu, že podiel miezd (z fixnej práce) je delený vysokou pridanou hodnotou, ktorú tieto firmy dosahujú. Na druhej strane práve ich vysoká produktivita vedie k...

ver descrição completa

Na minha lista:
Detalhes bibliográficos
Autor principal: Oleš, Tomáš, 1996-
Formato: Capítulo de Livro
Idioma:eslovaco
Assuntos:
Tags: Adicionar Tag
Sem tags, seja o primeiro a adicionar uma tag!

MARC

LEADER 00000naa a2200000 4500
001 0298111
005 20240502074521.1
041 0 |a slo 
044 |a SK 
245 1 0 |a Hľadá Slovensko superstar?  |c Tomáš Oleš 
520 |a Model superstar firiem - firiem, ktoré dosahujú veľmi vysokú mieru produktivity. Na jednej strane práve ich vysoká miera produktivity vedie k tomu, že podiel miezd (z fixnej práce) je delený vysokou pridanou hodnotou, ktorú tieto firmy dosahujú. Na druhej strane práve ich vysoká produktivita vedie k tomu, že v priebehu času vytláčajú z trhu firmy, ktoré sú menej efektívne (majú nižšiu produktivitu). Práve tento mechanizmus by mal v priebehu času viesť k nárastu koncentrácií, ktoré vo vyspelých ekonomikách pozorujeme a súčasne aj ku poklesu miezd na celkovej produkcii. Zmapovanie priemerných koncentrácií a vývoja mzdovej kvóty naprieč slovenskými odvetviami. 
610 2 0 |a firmy 
610 2 0 |a produktivita 
610 2 0 |a efektívnosť 
610 2 0 |a mzdy 
610 2 0 |a odvetvia priemyselné 
610 2 0 |a Slovensko 
100 1 |a Oleš, Tomáš, 1996-